| 000 | 00715cam a2200205 a 4500 | ||
|---|---|---|---|
| 001 | sa 68020872 | ||
| 003 | DLC | ||
| 005 | 20260227112728.0 | ||
| 008 | 950303m19659999ii 000 0 urdo | ||
| 010 | _asa 68020872 | ||
| 040 |
_aDLC _cDLC _dDLC |
||
| 050 | 0 | 0 |
_aBP184.2 _b.M3 |
| 245 | 0 | 0 |
_aMaʻārif-i Madniyyah, taqrīr-i tirmizī sharīf ... / _cSayyid Ḥusain Aḥmad Madnī ... va dīgar akābir ... mūʼallif, T̤āhir Ḥusain. |
| 260 |
_aThānah bhavan : _bMajlis Mʻārif-i Madnī, _c[1965?-]<1975> |
||
| 300 |
_av. <1, 8 > ; _c24 cm. |
||
| 546 | _aIn Urdu. | ||
| 650 | 0 |
_aPrayer _xIslam. |
|
| 650 | 0 |
_aHadith _xCriticism, interpretation, etc. |
|
| 700 | 1 |
_aMadnī, Sayyid Ḥusain Aḥmad, _d1878-1957. |
|
| 999 |
_c89617 _d89617 |
||